| 000 | 00503nam a2200181Ia 4500 | ||
|---|---|---|---|
| 008 | 220216s9999 xx 000 0 und d | ||
| 100 | _aHymavathi H.N. | ||
| 245 | 0 | _aBeneficial effects of multiple plantation patterns in agroforestry systems | |
| 260 |
_bThe Indian Forester _c2010 |
||
| 300 | _a465-475 | ||
| 650 | _aCost benefit ratio | ||
| 650 | _aCrop Geometry | ||
| 650 | _aMulti-plantation | ||
| 650 | _aMultipurpose trees | ||
| 700 | _aKandya A.K. | ||
| 700 | _aPatel L.P. | ||
| 942 | _cJS | ||
| 999 |
_c54701 _d54701 |
||